00609nam a22002057a 450000500170000000800410001702000180005804000210007604100080009708200130010510000260011824501040014425000120024826000330026030000100029365000270030365000210033065000240035170000280037520240920063531.0240920b |||||||| |||| 00| 0 eng d a9789358497649 aIN-DiNCcIN-DiNC deng a320bSHA aSharma, Poojaeauthor aUnderstanding political science:btheory and constitution (XI)/cby Pooja Sharma and Tandrani Dutta a1st ed. aDibrugarh:bBanalata,c2024. a328p. aPolitical science (XI) aPolitical theory aIndian constitution aDutta, Tandranieauthor